Miasta Europy - Statystyki

Ogólne statystyki
  • Ten quiz został rozwiązany 56 razy
  • Średni wynik to 60 z 164
Odpowiedzi na mapie
Odpowiedzi zakodowano w zielono-czerwonej skali na mapie do tego quizu, zgodnie z poniższymi procentami.
 
Statystyki odpowiedzi
Odpowiedź % Poprawnych
Białystok
64%
Gdańsk
64%
Katowice
64%
Kraków
64%
Warszawa
64%
Barcelona
59%
Bydgoszcz
59%
Kiszyniów
59%
Szczecin
59%
Aalborg
55%
Belfast
55%
Bratysława
55%
Kijów
55%
Łódź
55%
Madryt
55%
Palermo
55%
Paryż
55%
Petersburg
55%
Poznań
55%
Rejkiawik
55%
Rzym
55%
Tallinn
55%
Berlin
50%
Cardiff
50%
Dublin
50%
Kopenhaga
50%
Mińsk
50%
Palma de Mallorca
50%
Praga
50%
Prisztina
50%
Ryga
50%
Wilno
50%
Ankara
45%
Antwerpia
45%
Bilbao
45%
Bruksela
45%
Budapeszt
45%
Edynburg
45%
Genua
45%
Goteborg
45%
Helsinki
45%
Koszyce
45%
Kowno
45%
Londyn
45%
Luksemburg
45%
Lwów
45%
Lyon
45%
Mediolan
45%
Moskwa
45%
Neapol
45%
Odessa
45%
Porto
45%
Stambuł
45%
Tirana
45%
Wenecja
45%
Wiedeń
45%
Wrocław
45%
Amsterdam
41%
Ateny
41%
Belgrad
41%
Brześć
41%
Bukareszt
41%
Charków
41%
Chersoń
41%
Dniepr
41%
Donieck
41%
Graz
41%
Heraklion
41%
Kolonia
41%
Lublana
41%
Malmo
41%
Maryslia
41%
Monachium
41%
Nicea
41%
Podgorica
41%
Saloniki
41%
Sarajewo
41%
Skopje
41%
Turyn
41%
Zagrzeb
41%
Antalya
36%
Bazylea
36%
Berno
36%
Brno
36%
Bursa
36%
Cagliari
36%
Florencja
36%
Genewa
36%
Hamburg
36%
Izmir
36%
Kluż Napoka
36%
Konstancja
36%
Liberec
36%
Lille
36%
Nikozja
36%
Oslo
36%
Sztokholm
36%
Ajaccio
32%
Bergen
32%
Birmingham
32%
Bordeaux
32%
Brema
32%
Dubrownik
32%
Hanower
32%
Innsbruck
32%
Murcja
32%
Nowy sad
32%
Ostrawa
32%
Pilzno
32%
Sewilla
32%
Sofia
32%
Trondheim
32%
Walencja
32%
Adana
27%
Bastia
27%
Bolonia
27%
Frankfurt
27%
Glasgow
27%
Grodno
27%
Haga
27%
Kordoba
27%
Kristinsand
27%
Malaga
27%
Manchester
27%
Nantes
27%
Patras
27%
Płowdiw
27%
Salzburg
27%
Stuttgart
27%
Tuluza
27%
Zaporoże
27%
Zaragoza
27%
Zurych
27%
Debreczyn
23%
Leeds
23%
Mikołajów
23%
Narvik
23%
Norymberga
23%
Oulu
23%
Poprad
23%
Rotterdam
23%
Soczi
23%
Warna
23%
Zadar
23%
Lahti
18%
Liverpool
18%
Lozanna
18%
Pula
18%
Rijeka
18%
Split
18%
Winnica
18%
Baku
14%
Kiruna
14%
Larisa
14%
Sheffield
14%
Batumi
9%
Drezno
9%
Rovaniemi
5%
Erywań
0%
Kaliningrad
0%
Kutaisi
0%
Lizbona
0%
Nynashamn
0%
Tbilisi
0%
Nie znaleziono quizów pasujących do podanych kryteriów
Rozkład punktacji
Procent ludzi z każdym wynikiem
Percentyl według liczby udzielonych odpowiedzi
Twoja historia wyników
Nie rozwiązałeś tego quizu